00602nam a2200145Ia 4500008004100000024005600041082001900097100007600116245005200192260002500244600002700269650003300296952011000329999001700439250506s9999 xx 000 0 und d a10B-143-EE, 10B-153-EE, 10B-138-EE & 10B-137-EE a670.427072 TAH aTahir Siddiqui, Syed Ahmed Hunanin, Danish Tariq & Hammad ur Rab Kamran 0aPLC Based Teeth Manufacturing Chamber Using HMI aKarachi:bUIT,c2010 aElectronic Engineering aBachelor of Engineering (BE) 001040708PR-EEaUITUbUITUd2022-07-26l0o670.427072 TAHpEE-283r2025-05-06 11:34:15w2025-05-06yPR c28036d28036